Cook´s Continental Time-Table and Steamship Guide (Record no. 3808)
[ view plain ]
| 000 -CABECERA | |
|---|---|
| campo de control de longitud fija | 00930nam a2200217 a 4500 |
| 001 - NÚMERO DE CONTROL | |
| campo de control | BRCA_4086 |
| 005 - FECHA Y HORA DE LA ÚLTIMA TRANSACCIÓN | |
| campo de control | 20190321142922.0 |
| 008 - DATOS DE LONGITUD FIJA--INFORMACIÓN GENERAL | |
| campo de control de longitud fija | 180210s1924----enkade####---#000-0#eng-# |
| 041 ## - CÓDIGO DE LENGUA | |
| Código de lengua del texto/banda sonora o título independiente | eng |
| 044 ## - CÓDIGO DEL PAÍS DE LA ENTIDAD EDITORA/PRODUCTORA | |
| Código MARC del país | enk |
| 050 #4 - SIGNATURA TOPOGRÁFICA DE LA BIBLIOTECA DEL CONGRESO | |
| Número de documento/Ítem | .C66 1924 |
| 245 10 - MENCIÓN DE TÍTULO | |
| Título | Cook´s Continental Time-Table and Steamship Guide |
| Resto del título | a simple Guide to the Principal Railways and Diligences, Lake, River and Fjord Steamers in Europe (including Siberia, Syrya, Egypt, Algeria, etc.) with Ocean Steamer Services to all parts of the world |
| Mención de responsabilidad, etc. | edited and compiled by C. H. Davies. |
| 260 ## - PUBLICACIÓN, DISTRIBUCIÓN, ETC. | |
| Lugar de publicación, distribución, etc. | Londres |
| Nombre del editor, distribuidor, etc. | Thos. Cook & Son Ltd. |
| Fecha de publicación, distribución, etc. | 1924 |
| 300 ## - DESCRIPCIÓN FÍSICA | |
| Extensión | lxxii, 409 p. |
| Otras características físicas | il. (algunas a color), tablas, mapas |
| Dimensiones | 19 cm. |
| 500 ## - NOTA GENERAL | |
| Nota general | Estado fisíco: contiene un mapa suelto, encuadernación deteriorada. |
| 500 ## - NOTA GENERAL | |
| Nota general | CEF35 |
| 650 14 - PUNTO DE ACCESO ADICIONAL DE MATERIA--TÉRMINO DE MATERIA | |
| Término de materia o nombre geográfico como elemento de entrada | Ferrocarriles, diligencias, buques de vapor |
| Subdivisión de forma | Guías |
| Subdivisión geográfica | Europa |
| 9 (RLIN) | 10579 |
| 700 1# - PUNTO DE ACCESO ADICIONAL--NOMBRE DE PERSONA | |
| Nombre de persona | Davies, C. H. |
| 9 (RLIN) | 10580 |
| 902 ## - CATALOGADOR | |
| Iniciales | GFM |
| 942 ## - ELEMENTOS DE PUNTO DE ACCESO ADICIONAL (KOHA) | |
| Fuente del sistema de clasificación o colocación | Library of Congress Classification |
| Tipo de ítem Koha | Libros |
| Estado de retiro | Estado de pérdida | Estado dañado | No para préstamo | Localización permanente | Ubicación/localización actual | Fecha de adquisición | Número de inventario | Total de préstamos | Signatura topográfica completa | Código de barras | Fecha visto por última vez | Precio válido a partir de | Tipo de ítem Koha |
|---|---|---|---|---|---|---|---|---|---|---|---|---|---|
| El ejemplar forma parte de la colección y puede ser consultado según las políticas vigentes. | Biblioteca del Museo Franz Mayer (Rogerio Casas-Alatriste) | Biblioteca del Museo Franz Mayer (Rogerio Casas-Alatriste) | 18/02/2010 | CEF35 | .C66 1924 (CEF35) | 4083 | 22/03/2019 | 22/03/2019 | Libros |